00437nam a2200157Ia 4500003000400000008004100004040001600045082002400061245003500085260005700120300002000177650002000197650002600217650001400243650002200257GCL140319s9999 xx 000 0 eng d aGCL / cGCL04aCCb791.460233bB W10aTHE WORLD OF SHADI ABDEL SALAM aالقاهرة : bBIBLIOTHECA ALEXANDRINE ، c2002 a24 CM ؛ c23 P04aMOTION PICTURES04aDIRECTORS - BIOGRAPHY04aDIRECTORS04aSHADI ABDEL SALAM